| 000 | 00442nam a22001817a 4500 | ||
|---|---|---|---|
| 005 | 20180703171219.0 | ||
| 008 | 160621b xxu||||| |||| 00| 0 eng d | ||
| 020 | _a81-259-1650-x | ||
| 041 | _aeng | ||
| 082 |
_b8654 _a658.15 |
||
| 100 |
_aPandey,I.M _92360 |
||
| 245 | _aFinanacial Management | ||
| 250 | _a9th ed. | ||
| 260 |
_aNew Delhi _bVikas Publishing House (P) Ltd. |
||
| 300 | _a762p, | ||
| 650 |
_aManagement _9241 |
||
| 942 | _cBK | ||
| 999 |
_c3339 _d3338 |
||